000
00299nam a2200109Ia 4500
008
171211s9999 xx 000 0 und d
245
_a
Pro HTML5 Accessibility
245
_c
Joshue O. Connor
260
_c
2012
650
_x
Web Development
856
_u
http://down.ebook777.com/012/9781430241942.pdf
999
_c
350079
_d
350079